000 nam a22 7a 4500
999 _c54067
_d54067
003 OSt
005 20220728155754.0
008 220728b xxu||||| |||| 00| 0 eng d
040 _cIIMT UNIVERSITY
100 _aHANUMAN PRASAD PODDAR
245 _aSANT VANI
260 _aGORAKH PUR
_bGEETA PRESS
300 _a288
942 _2ddc
_c09